Countries Closest to USA by Continent - One Minute Sprint - Statistics

General Stats
  • This quiz has been taken 261 times
  • The average score is 13 of 30
Answer Stats
continent km miles country % Correct
North America 0 0 Canada
97%
North America 0 0 Mexico
97%
Europe 4114 2555 United Kingdom
82%
North America 150 93 Cuba
77%
North America 85 53 Bahamas
71%
Europe 4047 2514 Ireland
71%
Europe 3262 2026 Iceland
68%
Europe 2981 1852 Portugal
65%
Europe 4532 2815 Spain
64%
Asia 4 2 Russia
62%
Africa 5089 3161 Morocco
51%
South America 1695 1053 Colombia
50%
South America 1805 1121 Venezuela
45%
Asia 2199 1366 Japan
43%
South America 2830 1758 Brazil
40%
North America 758 471 Jamaica
40%
South America 2595 1612 Ecuador
37%
South America 2827 1756 Peru
35%
Asia 2679 1664 China
34%
Asia 3703 2300 South Korea
32%
Asia 3288 2042 North Korea
28%
Africa 5274 3276 Mauritania
26%
Africa 5379 3341 Algeria
25%
Africa 4949 3074 Cabo Verde
25%
Africa 5682 3529 Senegal
24%
Oceania 1666 1035 Kiribati
14%
Oceania 4001 2485 Tuvalu
9%
Oceania 4347 2700 Nauru
6%
Oceania 4039 2509 Samoa
6%
Oceania 3424 2127 Marshall Islands
5%
No matching quizzes found
Score Distribution
Percent of People with Each Score
Percentile by Number Answered
Your Score History
You have not taken this quiz